| 000 | 00897na a2200265 4500 | ||
|---|---|---|---|
| 001 | 20422 | ||
| 003 | MIRAKIL | ||
| 005 | 20181213154735.0 | ||
| 008 | 170119b tu 000 0 | ||
| 020 | _a9786051400563 | ||
| 040 |
_aMilas _btur _cTR-AnCHP |
||
| 041 | _atur | ||
| 082 |
_aATA 956.1023 _bA72s [t.y.] |
||
| 090 | _aATA 956.1023 A72s [t.y.] | ||
| 100 |
_aAtatürk, Mustafa Kemal _d1881-1938 |
||
| 245 |
_aSubay ve komutan ile söyleşi _cMustafa Kemal Atatürk; günümüz Türkçesine aktaran Emre Taylan |
||
| 260 |
_aİstanbul _bCumhuriyet _c[t.y.] |
||
| 300 |
_a87 s. _c20 sm. |
||
| 500 | _aYapıtın özgün adı: Zabit ve kumandan ile hasbihal | ||
| 600 |
_aAtatürk, Mustafa Kemal _d1881-1938 _xSavaş anıları |
||
| 650 |
_aTarih _xKurtuluş Savaşı, 1918-1923 _yAnılar |
||
| 650 |
_aTarih _xMilli Mücadele Dönemi _yAnılar |
||
| 700 | _aTaylan, Emre | ||
| 942 |
_2ddc _cBKS |
||
| 999 |
_c149 _d149 |
||